Theorie und Anwendung der Symmetriegruppen

Saved in:
Bibliographic Details
Main Author: Belger, Martin
Other Authors: Ehrenberg, Lothar
Format: Book
Language:German
Published: Leipzig Teubner 1981
Series:Mathematik für Ingenieure, Naturwissenschaftler, Ökonomen und Landwirte Band 23
Tags: Add Tag
No Tags, Be the first to tag this record!

MARC

LEADER 00000nam a2200000 4500
001 c129339
005 20041019155246.0
041 0 |a ger 
044 |a DE 
245 1 0 |a Theorie und Anwendung der Symmetriegruppen  |c Martin Belger, Lothar Ehrenberg 
264 1 |a Leipzig  |b Teubner  |c 1981 
300 |a 115 s. 
490 1 |a Mathematik für Ingenieure, Naturwissenschaftler, Ökonomen und Landwirte  |v Band 23 
830 0 |a Mathematik für Ingenieure, Naturwissenschaftler, Ökonomen und Landwirte  |v Band 23 
100 1 |a Belger, Martin 
700 1 |a Ehrenberg, Lothar